000 00323nam a2200133Ia 4500
008 240624s9999 xx 000 0 und d
041 _aeng
082 _a823 MOR
100 _aALBOM MITCH
245 _aFIVE PEOPLE YOU MEET IN HEAVEN
260 _c2009
_aLondon
_bSphere
300 _a231 : p. : cm. ; 17
365 _cRS
_b15
999 _c14590
_d14590